| 000 | 00515aam a2200217 4500 | ||
|---|---|---|---|
| 005 | 20241212194011.0 | ||
| 008 | 150424b2009 cr ||||| |||| 00| 0 spa d | ||
| 020 | _a9789968316460 | ||
| 041 | _aESP | ||
| 082 | _a612.67 J61e | ||
| 100 |
_aJiménez Segura, Flor _927616 |
||
| 245 | _aEnvejecimiento y calidad de vida | ||
| 260 | _aCosta Rica | ||
| 260 | _bEUNED | ||
| 260 | _c2009 | ||
| 300 | _a90 páginas | ||
| 650 | _aENVEJECIMIENTO | ||
| 650 | _aVEJEZ | ||
| 650 | _aCALIDAD DE VIDA | ||
| 942 |
_cBK _2ddc |
||
| 999 |
_c3252 _d3252 |
||